| 000 | 00791nam a2200205 4500 | ||
|---|---|---|---|
| 008 | 030311s1997 enk 1 eng | ||
| 020 | _a1850756708 | ||
| 090 |
_aBS1755.2 _bC42e |
||
| 100 | 1 | _aCheon, Samuel | |
| 245 | 1 | 0 |
_aThe Exodus story in the wisdom of Solomon : _ba study in biblical interpretation / _cSamuel Cheon. |
| 260 |
_aEngland : _bSheffield Academic Press, _cc1997. |
||
| 300 | _a169 p. | ||
| 490 | 1 |
_aJournal for the study of the pseudepigrapha supplement series; _v23 |
|
| 504 | _aBiblio: pp. 154-160 / Includes index | ||
| 650 | 4 | _aExodus, The. | |
| 650 | 4 | _aIsraelites crossing the Red Sea (Biblical event). | |
| 650 | 4 |
_aSolomon _xCriticism, interpretation, etc. |
|
| 950 | 0 | _52.50/20.00 | |
| 951 |
_p21464 _x00002474 _oBS1755.2/C42e _j070613111223609 _d2000-12-21 _cREF |
||
| 999 |
_c14975 _d14975 |
||